00365nam a2200133 a 4500008004100000020001500041050001700056100001900073245002700092246005500119260002600174300002200200350000900222120416s0000 ||||||||||||||||| || u a0140133828 aSD 387.7 Hec aHecht, Susanna14aThe fate of the forest adevelopers, destroyers and defenders of the Amazon aLondonbPenguinc1989 axii, 349p. : ill. a0.00